000 01108nam0a22002891 4500
001 RU\INFOCOMM_429\NLR\5000043121
005 20250614081314.0
035 _a(NLR Aleph) 010646247
090 _a10688112
_c10688112
100 _a20130418d1981 |||y0rusy50 ca
101 1 _aeng
_crus
102 _aRU
105 _ay z||||
200 1 _aˆThe ‰economic substantiation of the theory of socialism
_fVitaly Vygodsky
_g[Transl. from the Russ. by Jane Sayer]
210 _aM.
_cProgress
_d1981
215 _a278 с.
_d21 см
300 _aНа обороте тит. л.: Экономическое обоснование теории научного коммунизма / В. С. Выгодский
320 _aБиблиогр.: с. 263-266
606 0 _aРазвитое социалистическое общество
_91753956
_3RU\NLR\AUTH\66786005
620 _aМосква
686 _aУ011.78
_2rubbk
700 1 _aVygodskij
_bV. S.
_gVitalij Solomonovič
801 1 _aRU
_bInfocomm
_c20130418
801 0 _aRU
_bINFOCOMM
_gPSBO
852 _aNLR
_jЭк15 Д-3/168
942 _cBOOK
980 _aNB